000 00546ngm a2200205 i 4500
001 C2-0318916
003 PPAK
005 20180727221324.0
008 121016s2012 my |||| ||||| | vleng d
040 _aPPAK
_beng
_cPPAK
_erda
245 1 4 _aThe Iron Lady
264 1 _aSelangor :
_bMultimedia Entertainment ,
_c2012
336 _2rdacontent
_atext
337 _2rdamedia
_aunmediated
338 _2rdacarrier
_avolume
700 _eauthor
700 1 _aLloyd, Phyllida,
_ecompile
700 1 _aWright, Justin,
_eeditor
942 _2ddc
_cDVD
999 _c167063
_d167063